Statistics for Fill the World Map with City Dots Of Radius 40

Click here to take the quiz!

General Stats

  • This quiz has been taken 159 times
  • The average score is 20 of 36

Answers on the Map

Answers color-coded by a green-red scale on the quiz's map according to % correct below.
 

Answer Stats

#ANSWER% Correct
10London
97%
5New York
96%
9Moscow
95%
4Mexico City
92%
14Sydney
92%
8Cairo
90%
3Delhi
89%
11Johannesburg
89%
6São Paulo
88%
7Lagos
87%
2Jakarta
86%
1Guangzhou
84%
12San Francisco
83%
20Anchorage
80%
18Honolulu
74%
27Nuuk
72%
21Port Moresby
72%
16Mogadishu
69%
23Apia
49%
13Harbin
49%
17Novosibirsk
47%
26Yellowknife
46%
15Guayaquil
43%
24Faaa
28%
32Longyearbyen
26%
35Edinburgh of the Seven Seas
23%
33McMurdo Station
20%
19Las Palmas de Gran Canaria
16%
36Port-aux-Francais
16%
31Hanga Roa
13%
28Anadyr
12%
30Tiksi
10%
22Puerto Montt
9%
29Port Mathurin
8%
25Busselton
5%
34Wotje
4%

Score Distribution

Percentile by Number Answered

Percent of People with Each Score

Your Score History

You have not taken this quiz